000 00641cam a22002171 4500
001 sa 68019768
003 DLC
005 20260227112719.0
008 850918s1966 pk c 000 0 eng
010 _asa 68019768
025 _aPL480:P-E-947
040 _aDLC
_cDLC
_dDLC
043 _aa-pk---
050 0 0 _aKPL451
_b.M89 1966
100 1 _aMuzaffar, Raja Muhammad.
245 1 4 _aThe general clauses acts;
_bcentral & provincial with commentary.
250 _a[1st ed.]
260 _aLahore,
_bFederal Law Publications,
_c1966.
300 _aix, 164, 87 p.
_bport.
_c25 cm.
650 0 _aLaw
_zPakistan
_xInterpretation and construction.
999 _c89063
_d89063